000 01713nam a22001577a 4500
999 _c527658
_d527658
008 240913b ||||| |||| 00| 0 eng d
100 _aChandra, Saurabh
_958141
245 _aE-governance adaptation: A study of user perceptions and satisfaction in the Thiruvananthapuram municipal corporation, Kerala
260 _aBihar Journal of Public Administration
300 _a21(1), Jan-Jun, 2024: p.148-161
520 _aIn this age of IR 4.0 digitalisation in governance has become essential. This has made an urgent imperative to assess the adaptation of e-governance in urban administration in terms of perception and satisfaction of the users. As such an attempt has been made to examine the e-governance services offered by the Thiruvananthapuram Municipal Corporation. It is mainly based on empirical enquiry. A survey with the help of structured questionnaire was conducted, 200 users, falling in the municipal areas, were sampled, in order to find out the influence of demographic variables, including gender, age, education, and sector of employment, on users’ perceptions and satisfaction. The findings revealed that the Thiruvananthapuram Municipal Corporation has not fully attained the goals of e-governance adaptation, particularly in terms of enhancing Transparency, Accountability, and Participation. However, the overall satisfaction level with e-governance services remains encouraging.- Reproduced http://www.iipabiharbranch.org/upload/BJPA_Vol.%20XXI%20No.%201%20Jan-June.%202024.pdf
650 _aE-governance, User perceptions, Satisfaction, Municipal corporations, Kerala.
_947621
773 _aBihar Journal of Public Administration
906 _aE-GOVERNANCE
942 _cAR